000 00618nam a2200169 i 4500
001 73987
003 ES-MaACL
005 20230906171959.0
007 t|
008 040914s1906 sp ||||1| spa d
100 1 _aGonzález Besada, Augusto,
_d1865-1919
_958456
245 1 3 _aLa reconstitución económica del país en su relación con el presupuesto del estado
_b: discurso pronunciado en el Centro Mercantil de Salamanca en 28 de enero de 1906 /
_cAugusto González Besada.
260 _aMadrid :
_b[s.n.],
_c1906.
300 _a22 p. ;
_c26 cm.
852 _aES-MaACL
_jT-1065-F-11
999 _c73987
_d73987